000 00436nam a2200157Ia 4500
008 210210b1984 xxu||||| |||| 00| 0 eng d
020 _a0 7069 2653 6
082 _a954.04 NEHI
100 _aNEHRU (Jawaharlal).
245 _aIndias independence and social revolution.
260 _aNew Delhi.
_bVikas Publishing House Pvt Ltd.,
_c1984
300 _a3,162
650 _aModern India
690 _aIndian History
906 _aSG02091
999 _c113659
_d113659